| 000 | 00653nam a2200217 4500 | ||
|---|---|---|---|
| 003 | OSt | ||
| 005 | 20240702031433.0 | ||
| 006 | a | ||
| 008 | 240702b |||||||| |||| 00| 0 eng d | ||
| 020 | _a9789719393467 | ||
| 040 |
_aDWCL-Main lib. _cOC |
||
| 082 |
_2Fifth edition _aFil. 336.24 V152i 2009 |
||
| 100 | _aValencia, Edwin G. | ||
| 245 | _aIncome taxation: principles and laws with accounting applications / | ||
| 250 | _aFifth edition | ||
| 260 |
_aBaguio City : _bValencia Educational Supply, _cc2009. |
||
| 300 |
_b631 p. ; _c23 cm. |
||
| 650 | _a1. Income tax. | ||
| 650 | _a2. Taxation. | ||
| 942 |
_2ddc _n0 _cBK - FIL _eFifth edition _kFil. |
||
| 999 |
_c1774 _d1774 |
||